| 000 | 00533nam a2200181 a 4500 | ||
|---|---|---|---|
| 001 | 2155 | ||
| 003 | CDMR | ||
| 005 | 20130404173601.0 | ||
| 008 | 130130s1991||||||||||||||||||||||||||||d | ||
| 040 |
_aCDMR _bcat _cCDMR |
||
| 111 | 2 |
_aColoquios de Alcor _cMadrid _d1991 _n9º _9312 |
|
| 245 | 1 | 3 | _aLa nueva Europa y el mundo de la comunicación |
| 260 |
_aMadrid _c1991 _bEditorial Complutense |
||
| 300 |
_a182 p ; _c23 cm |
||
| 490 | 0 |
_aColoquios de Alcor _v10 |
|
| 650 | 0 | 4 |
_91607 _aMitjans de comunicació de massa _zEuropa |
| 942 |
_cMON _2udc |
||
| 999 |
_c2155 _d2155 |
||